| 000 | 01051nam a22002771u 4500 | ||
|---|---|---|---|
| 001 | 04249 | ||
| 003 | HDC | ||
| 007 | cr bn --- | ||
| 008 | 21011662013 my engy | ||
| 040 | _aHDC | ||
| 110 |
_aMalaysia. _bMinistry of International Trade and Industry |
||
| 245 | 0 |
_aMINISTRY OF INTERNATIONAL TRADE AND INDUSTRY REPORT 2013 : _bDRIVING TRANSFORMATION POWERING GROWTH / _cby MITI |
|
| 260 |
_aKuala Lumpur : _bMITI, _c2013 |
||
| 300 |
_a127 pages : _bcolour illustrations, colour photographs |
||
| 336 |
_atext _2rdacontent |
||
| 337 |
_acomputer _2rdamedia |
||
| 338 |
_aonline resource _2rdacarrier |
||
| 650 |
_aForeign trade promotion _zMalaysia _94375 |
||
| 650 |
_aInternational trade _zMalaysia _92772 |
||
| 651 |
_aMalaysia _xCommerce _94376 |
||
| 651 |
_aMalaysia _xManufactures _94377 |
||
| 856 | _zRequest full-text at [email protected] | ||
| 942 | _2lcc | ||
| 942 | _cEIS | ||
| 942 | _kAREP 000096 | ||
| 999 |
_c1574 _d1574 |
||